00825cam a22002291 450000100100000000500170001000800410002701000130006803500200008104000240010104200120012505000360013710000340017324501030020725000110031026000680032130000210038965000300041091000330044095201050047399900170057800001994620200929170212.0840425s1950 fr 000 0 fre  a55040406 a(OCoLC)10664074 aDO-SdBNPcCU-LdDLC apremarc00aLAW 1 aSavatier, Rene,d1892-94253510aDu droit civil au droit public :ba travers les personnes, les biens, et la responsabilite civile. a2. ed. aParis :bLibrarie generale de droit et de jurisprudence,c1950. a179 p. ;c20 cm. 0aCivil lawzFrance.942536 aCatalogación derivada / LC 001050718MOaGRbGRcCTd2010-07-09iLF1l0o p19946-10r2020-06-25w2020-06-25y1ZNo se presta c19459d19459